| 000 | 01154cam a22001934a 4500 | ||
|---|---|---|---|
| 005 | 20250605164240.0 | ||
| 008 | 250528s ||||||||||||||||||||||||d | ||
| 035 | _a21305 | ||
| 020 | _a9789609312394 | ||
| 040 |
_aGR-AtMCL _bgre _dGR-AtMCL _eAACR2 |
||
| 245 | 1 | _aComputers Ηλεκτρονικοί Υπολογιστές / Today and Tomorrow Σήμερα και Αύριο | |
| 250 | _a1η | ||
| 260 |
_bΠερλεπες, _c2009 |
||
| 520 | _aComputer Arithmetic and Logic, Information Systems, Hardware, Software, Windows Operating System, Information Systems Networking, The Internet and Its Components, Implications of Use, Glossary, Αριθμητική και Λογική των Ηλεκτρονικών Υπολογιστών, Συστήματα Πληροφοριών, Υλικός Εξοπλισμός, Λογισμικός Εξοπλισμός, Λειτουργικό Σύστημα Παραθύρων, Δικτύωση Συστημάτων Πληροφοριών, Το Διαδίκτυο και τα Στοιχεία του, Γλωσσάριο. | ||
| 700 | 1 |
_aPerlepes T.S. And E _97358 |
|
| 942 | _cBK | ||
| 999 |
_c6370 _d6370 |
||